[Event "Zonal Oceania 2009"]
[Site "Tweed Heads AUS"]
[Date "2009.06.20"]
[Round "1.2"]
[White "Kumar, Manoj"]
[Black "Smerdon, David"]
[Result "0-1"]
[WhiteElo "2017"]
[BlackElo "2489"]
[PlyCount "72"]
[EventDate "2009.06.20"]
[EventType "swiss"]
[EventRounds "9"]
[EventCountry "AUS"]
[Source "lmi"]
[SourceDate "2009.06.20"]

1. d4 Nf6 2. Nf3 d5 3. Bf4 g6 4. e3 Bg7 5. Be2 O-O 6. O-O b6 7. c4 Bb7 8. Nc3
Nbd7 9. Qb3 dxc4 10. Qxc4 c5 11. Rfd1 cxd4 12. Rxd4 Nh5 13. Be5 Nxe5 14. Rxd8
Nxc4 15. Rxf8+ Kxf8 16. Bxc4 Bxf3 17. gxf3 Bxc3 18. bxc3 Rc8 19. Bb3 Rxc3 20.
Rd1 Nf6 21. Rd8+ Kg7 22. Rb8 Rc7 23. Kf1 Nd7 24. Re8 Nc5 25. Ke2 Rd7 26. Bc2
Nb7 27. Bb3 Nd6 28. Ra8 Kf6 29. f4 Ne4 30. Rf8 e6 31. Ra8 Ke7 32. f3 Nd6 33. e4
Nb5 34. Rh8 h5 35. f5 exf5 36. exf5 Nd4+ 0-1

[Event "Zonal Oceania 2009"]
[Site "Tweed Heads AUS"]
[Date "2009.06.20"]
[Round "1.3"]
[White "Solomon, Stephen"]
[Black "Yuan, Yi"]
[Result "1-0"]
[WhiteElo "2455"]
[BlackElo "2010"]
[PlyCount "87"]
[EventDate "2009.06.20"]
[EventType "swiss"]
[EventRounds "9"]
[EventCountry "AUS"]
[Source "lmi"]
[SourceDate "2009.06.20"]

1. e4 e5 2. Nf3 Nc6 3. Bb5 a6 4. Ba4 Nf6 5. O-O Nxe4 6. d4 b5 7. Bb3 d5 8. dxe5
Be6 9. Nbd2 Nc5 10. c3 d4 11. Bxe6 Nxe6 12. cxd4 Ncxd4 13. a4 Be7 14. Nxd4 Nxd4
15. Ne4 O-O 16. axb5 Nxb5 17. Be3 Qc8 18. Ra4 Qe6 19. f4 f6 20. exf6 Bxf6 21.
Qc2 Kh8 22. Rf3 Rfe8 23. f5 Qe5 24. Nxf6 Qxf6 25. g4 Qh4 26. Kg2 Qe1 27. Re4
Nd6 28. Rxe8+ Rxe8 29. Qxc7 Qe2+ 30. Bf2 Ne4 31. Qf4 Nd2 32. Re3 Qf1+ 33. Kg3
Rg8 34. f6 Qb5 35. fxg7+ Rxg7 36. Qf8+ Rg8 37. Qf6+ Rg7 38. Qd8+ Rg8 39. Qd4+
Rg7 40. Qd8+ Rg8 41. Qxd2 h5 42. Qd4+ Rg7 43. Re7 h4+ 44. Kh3 1-0

[Event "Zonal Oceania 2009"]
[Site "Tweed Heads AUS"]
[Date "2009.06.20"]
[Round "1.5"]
[White "Ambrus, Endre"]
[Black "Spiller, Paul"]
[Result "1-0"]
[WhiteElo "2375"]
[BlackElo "2005"]
[PlyCount "67"]
[EventDate "2009.06.20"]
[EventType "swiss"]
[EventRounds "9"]
[EventCountry "AUS"]
[Source "lmi"]
[SourceDate "2009.06.20"]

1. b3 b6 2. Bb2 Bb7 3. Nf3 f5 4. e3 e6 5. d4 Nf6 6. Be2 Be7 7. O-O O-O 8. c4
Ne4 9. Nc3 Nxc3 10. Bxc3 Bf6 11. Rc1 d6 12. b4 Nd7 13. Qb3 Qe7 14. Rfd1 g5 15.
Ne1 g4 16. Nd3 Bg5 17. Nf4 Nf6 18. Bb2 a5 19. b5 h5 20. Bd3 Bxf4 21. exf4 Ne4
22. d5 h4 23. Bxe4 fxe4 24. Qe3 exd5 25. cxd5 Kh7 26. Rc4 Rae8 27. Rdc1 Rf7 28.
Qd4 e3 29. Rxc7 exf2+ 30. Qxf2 g3 31. Qc2+ Kh6 32. Rxe7 Rfxe7 33. hxg3 hxg3 34.
Qc3 1-0

[Event "Zonal Oceania 2009"]
[Site "Tweed Heads AUS"]
[Date "2009.06.20"]
[Round "1.6"]
[White "Weller, Tony"]
[Black "Lane, Gary"]
[Result "0-1"]
[WhiteElo "1987"]
[BlackElo "2371"]
[PlyCount "56"]
[EventDate "2009.06.20"]
[EventType "swiss"]
[EventRounds "9"]
[EventCountry "AUS"]
[Source "lmi"]
[SourceDate "2009.06.20"]

1. Nf3 Nf6 2. g3 g6 3. Bg2 Bg7 4. O-O O-O 5. d3 d6 6. c4 e5 7. Nc3 Re8 8. Qc2
h6 9. Bd2 c6 10. Rac1 a5 11. a3 Na6 12. Rb1 d5 13. cxd5 cxd5 14. b4 axb4 15.
axb4 b6 16. Rfc1 Bb7 17. b5 Nc5 18. d4 exd4 19. Nxd4 Qd7 20. e3 h5 21. Ra1 h4
22. Na4 Nxa4 23. Rxa4 Ne4 24. Rxa8 Bxa8 25. Bxe4 dxe4 26. Qc7 Qxc7 27. Rxc7 h3
28. Kf1 Be5 0-1

[Event "Zonal Oceania 2009"]
[Site "Tweed Heads AUS"]
[Date "2009.06.20"]
[Round "1.7"]
[White "West, Guy"]
[Black "Milligan, Helen"]
[Result "1-0"]
[WhiteElo "2343"]
[BlackElo "1985"]
[PlyCount "149"]
[EventDate "2009.06.20"]
[EventType "swiss"]
[EventRounds "9"]
[EventCountry "AUS"]
[Source "lmi"]
[SourceDate "2009.06.20"]

1. d4 Nf6 2. Nf3 e6 3. e3 b6 4. Bd3 Bb7 5. Nbd2 d5 6. O-O Be7 7. Ne5 O-O 8. Qf3
c5 9. c3 Nbd7 10. Qh3 Bd6 11. Ndf3 Ne4 12. Nxd7 Qxd7 13. Ne5 Bxe5 14. dxe5 f5
15. exf6 Rxf6 16. f3 Rh6 17. Qg4 Nf6 18. Qg3 Rf8 19. Bd2 Qe7 20. c4 e5 21. cxd5
Bxd5 22. e4 Rg6 23. Qh4 Be6 24. Bc3 c4 25. Be2 Qc5+ 26. Qf2 Nxe4 27. Qxc5 Nxc5
28. Bxe5 Nd3 29. Bxd3 cxd3 30. Kf2 Rc8 31. Bc3 Bc4 32. Rfe1 Re6 33. Rxe6 Bxe6
34. Re1 Kf7 35. Re4 Rc7 36. a3 g6 37. Rf4+ Ke8 38. Ke3 Rd7 39. Kd2 a5 40. Bd4
b5 41. Kxd3 a4 42. Ke3 Bc4 43. Kf2 Rf7 44. Rh4 Ke7 45. Bc5+ Ke6 46. Re4+ Kd5
47. Be3 Kd6 48. Re8 Kd7 49. Rh8 Ke6 50. Bd4 Kd5 51. Bc3 Re7 52. g4 Rf7 53. Kg3
Be2 54. Rd8+ Kc6 55. f4 h5 56. h3 hxg4 57. hxg4 Kc7 58. Rg8 Bd3 59. Kh4 Kd7 60.
Kg5 Ke6 61. Rb8 Rd7 62. Be5 Rd5 63. Rb6+ Ke7 64. Rxg6 Bxg6 65. Kxg6 Kf8 66. Kf6
Rd7 67. g5 Kg8 68. Ke6 Rb7 69. g6 b4 70. axb4 Rxb4 71. f5 a3 72. bxa3 Rb6+ 73.
Kd5 Ra6 74. f6 Ra5+ 75. Ke6 1-0

[Event "Zonal Oceania 2009"]
[Site "Tweed Heads AUS"]
[Date "2009.06.20"]
[Round "1.8"]
[White "Muller, Jonas"]
[Black "Ly, Moulthun"]
[Result "0-1"]
[WhiteElo "1981"]
[BlackElo "2340"]
[PlyCount "56"]
[EventDate "2009.06.20"]
[EventType "swiss"]
[EventRounds "9"]
[EventCountry "AUS"]
[Source "lmi"]
[SourceDate "2009.06.20"]

1. e4 e6 2. d4 d5 3. e5 c5 4. c3 Nc6 5. Be3 cxd4 6. cxd4 f6 7. Nf3 Qa5+ 8. Nc3
fxe5 9. Nxe5 Nf6 10. Bd3 Bd6 11. Nf3 O-O 12. O-O Bd7 13. Rc1 Rae8 14. Bb1 e5
15. Nxe5 Nxe5 16. dxe5 Bxe5 17. Qd3 Bc6 18. Bd4 Qb4 19. Bxe5 Rxe5 20. Qg3 Rfe8
21. Nd1 d4 22. Bd3 Nh5 23. Qh4 Qd2 24. Bc4+ Kh8 25. Ra1 Nf4 26. g3 Ne2+ 27.
Bxe2 Qxe2 28. Qf4 Qxf1+ 0-1

[Event "Zonal Oceania 2009"]
[Site "Tweed Heads AUS"]
[Date "2009.06.20"]
[Round "1.9"]
[White "Bjelobrk, Igor"]
[Black "Jones, Rupert"]
[Result "1-0"]
[WhiteElo "2332"]
[BlackElo "1962"]
[PlyCount "41"]
[EventDate "2009.06.20"]
[EventType "swiss"]
[EventRounds "9"]
[EventCountry "AUS"]
[Source "lmi"]
[SourceDate "2009.06.20"]

1. d4 Nf6 2. c4 e6 3. Nc3 Bb4 4. a3 Be7 5. e4 O-O 6. Bd3 d6 7. Nf3 Nbd7 8. O-O
e5 9. b4 exd4 10. Nxd4 Ne5 11. Be2 a5 12. Bb2 Bg4 13. f3 Be6 14. Qb3 c6 15. Kh1
Bd7 16. Rad1 Qb6 17. b5 c5 18. Nf5 Bxf5 19. exf5 Rfe8 20. f4 Ned7 21. g4 1-0

[Event "Zonal Oceania 2009"]
[Site "Tweed Heads AUS"]
[Date "2009.06.20"]
[Round "1.11"]
[White "Garbett, Paul"]
[Black "Liu, Yi"]
[Result "1-0"]
[WhiteElo "2319"]
[BlackElo "1938"]
[PlyCount "107"]
[EventDate "2009.06.20"]
[EventType "swiss"]
[EventRounds "9"]
[EventCountry "AUS"]
[Source "lmi"]
[SourceDate "2009.06.20"]

1. e4 e6 2. d4 d5 3. Nd2 c5 4. Ngf3 Nf6 5. e5 Nfd7 6. c3 Nc6 7. Bd3 Be7 8. O-O
O-O 9. Qe2 Re8 10. Re1 f6 11. b3 b6 12. a3 a5 13. Bb2 cxd4 14. exf6 Bxf6 15.
cxd4 Bb7 16. Ne5 Ncxe5 17. dxe5 Be7 18. Qg4 Bf8 19. Nf3 Qe7 20. Ng5 g6 21. Re3
Bh6 22. h4 Ba6 23. Bxa6 Rxa6 24. Rc1 Bxg5 25. hxg5 Nc5 26. Qe2 Raa8 27. Qb5
Rab8 28. a4 Qxg5 29. Bd4 Qd8 30. Rec3 Qc7 31. Qe2 Qa7 32. Qe3 Rec8 33. Bxc5
bxc5 34. Rxc5 Rxc5 35. Rxc5 Rd8 36. Rxd5 Qc7 37. Qc5 Qb8 38. Rd6 Rxd6 39. exd6
Qxb3 40. Qd4 Qb1+ 41. Kh2 Qb8 42. g3 Qd8 43. d7 Kf7 44. Qd6 Kf6 45. Kg1 Kf7 46.
Kf1 Kf6 47. Ke2 Kf7 48. f4 h5 49. Ke3 Kf6 50. Kd4 Kf7 51. Kc5 Kf6 52. Kc6 Kf7
53. Qc7 Qa8+ 54. Kb6 1-0

[Event "Zonal Oceania 2009"]
[Site "Tweed Heads AUS"]
[Date "2009.06.20"]
[Round "1.12"]
[White "Canfell, Mike"]
[Black "Rej, Tomek"]
[Result "0-1"]
[WhiteElo "1932"]
[BlackElo "2308"]
[PlyCount "60"]
[EventDate "2009.06.20"]
[EventType "swiss"]
[EventRounds "9"]
[EventCountry "AUS"]
[Source "lmi"]
[SourceDate "2009.06.20"]

1. e4 c5 2. Nf3 Nc6 3. d4 cxd4 4. Nxd4 Nf6 5. Nc3 e5 6. Ndb5 d6 7. Bg5 a6 8.
Na3 b5 9. Nd5 Be7 10. Bxf6 Bxf6 11. c3 O-O 12. Nc2 Bg5 13. a4 bxa4 14. Rxa4 a5
15. Bc4 Rb8 16. b3 Kh8 17. Nce3 g6 18. O-O f5 19. Qd3 f4 20. Nc2 h5 21. Rd1 Rb7
22. b4 f3 23. g3 h4 24. b5 hxg3 25. hxg3 Rh7 26. bxc6 Bh3 27. Nde3 Qc8 28. Ne1
Bxe3 29. Qxd6 Rh5 30. Qxg6 Rh6 0-1

[Event "Zonal Oceania 2009"]
[Site "Tweed Heads AUS"]
[Date "2009.06.20"]
[Round "1.13"]
[White "Feldman, Vladimir"]
[Black "Jule, Alexandra"]
[Result "1-0"]
[WhiteElo "2298"]
[BlackElo "1928"]
[PlyCount "75"]
[EventDate "2009.06.20"]
[EventType "swiss"]
[EventRounds "9"]
[EventCountry "AUS"]
[Source "lmi"]
[SourceDate "2009.06.20"]

1. d4 d5 2. Nf3 Nf6 3. e3 Nbd7 4. Nbd2 c5 5. c3 e6 6. Bd3 Bd6 7. Qe2 e5 8. dxe5
Bxe5 9. e4 O-O 10. O-O Re8 11. Nxe5 Nxe5 12. Bb5 Bd7 13. f4 Ng6 14. e5 c4 15.
Bxd7 Nxd7 16. Nf3 Nc5 17. Be3 Nd3 18. Nd4 Nf8 19. Nf5 Re6 20. b4 f6 21. Qg4 Qd7
22. Bd4 fxe5 23. Bxe5 Rg6 24. Qh5 Ne6 25. Nd4 Nxe5 26. Qxe5 Nxd4 27. Qxd4 a5
28. a3 Rga6 29. Rad1 Rd6 30. f5 Rf8 31. g4 Rff6 32. h3 Qe8 33. Rde1 Qf7 34. Qe5
Qc7 35. g5 Rf8 36. Rf2 d4 37. cxd4 c3 38. f6 1-0

[Event "Zonal Oceania 2009"]
[Site "Tweed Heads AUS"]
[Date "2009.06.20"]
[Round "1.14"]
[White "Grigg, Sam"]
[Black "Rujevic, Mirko"]
[Result "0-1"]
[WhiteElo "1927"]
[BlackElo "2282"]
[PlyCount "54"]
[EventDate "2009.06.20"]
[EventType "swiss"]
[EventRounds "9"]
[EventCountry "AUS"]
[Source "lmi"]
[SourceDate "2009.06.20"]

1. c4 g6 2. Nc3 Bg7 3. e4 c5 4. f4 Nc6 5. Nf3 d6 6. g3 Nf6 7. Bg2 O-O 8. O-O
Be6 9. d3 Qc8 10. Kh1 Bg4 11. Be3 Nd4 12. Qd2 Nxf3 13. Bxf3 Bxf3+ 14. Rxf3 e6
15. Raf1 Ng4 16. f5 gxf5 17. exf5 Qc6 18. Ne4 d5 19. Rf4 Nxe3 20. Qxe3 Bd4 21.
Rg4+ Kh8 22. Qe2 dxe4 23. dxe4 exf5 24. Rxf5 Rae8 25. Rh5 f5 26. Rgh4 Rxe4 27.
Rxh7+ Kg8 0-1

[Event "Zonal Oceania 2009"]
[Site "Tweed Heads AUS"]
[Date "2009.06.20"]
[Round "1.16"]
[White "Juszczynski, Mathew"]
[Black "Steadman, Michael"]
[Result "1/2-1/2"]
[WhiteElo "1914"]
[BlackElo "2262"]
[PlyCount "62"]
[EventDate "2009.06.20"]
[EventType "swiss"]
[EventRounds "9"]
[EventCountry "AUS"]
[Source "lmi"]
[SourceDate "2009.06.20"]

1. c4 f5 2. d4 Nf6 3. Nc3 g6 4. Nf3 Bg7 5. g3 d6 6. Bg2 O-O 7. O-O c6 8. b3 a6
9. Bb2 b5 10. Qc2 Qb6 11. Rad1 e6 12. Rfe1 Ra7 13. Nb1 Ne4 14. Nbd2 d5 15. c5
Qd8 16. b4 a5 17. a3 axb4 18. axb4 Ra4 19. Bc3 Na6 20. Rb1 g5 21. Ne5 Bxe5 22.
dxe5 Nxc3 23. Qxc3 d4 24. Qf3 Nxb4 25. Qh5 Rf7 26. Red1 Nd5 27. Bxd5 Qxd5 28.
Qxg5+ Rg7 29. Qf6 Rf7 30. Qg5+ Rg7 31. Qf6 Rf7 1/2-1/2

[Event "Zonal Oceania 2009"]
[Site "Tweed Heads AUS"]
[Date "2009.06.20"]
[Round "1.17"]
[White "Scott, Ronald"]
[Black "Prasad, Calvin"]
[Result "1-0"]
[WhiteElo "2261"]
[BlackElo "1912"]
[PlyCount "53"]
[EventDate "2009.06.20"]
[EventType "swiss"]
[EventRounds "9"]
[EventCountry "AUS"]
[Source "lmi"]
[SourceDate "2009.06.20"]

1. e4 e6 2. d4 d5 3. Nc3 dxe4 4. Nxe4 Be7 5. Nf3 Nf6 6. Bd3 Nbd7 7. Qe2 O-O 8.
Bg5 h6 9. Bd2 Nxe4 10. Qxe4 Nf6 11. Qe2 c5 12. dxc5 Bxc5 13. O-O-O Qb6 14. Ne5
Bd4 15. Nc4 Qc7 16. f4 b5 17. Ne5 Bb7 18. Rhe1 Bd5 19. g4 Rac8 20. Nf3 Bb6 21.
g5 Ng4 22. gxh6 Nf2 23. hxg7 Rfd8 24. Ng5 Bf3 25. Bh7+ Kxg7 26. Qxf3 f5 27.
Nxe6+ 1-0

[Event "Zonal Oceania 2009"]
[Site "Tweed Heads AUS"]
[Date "2009.06.20"]
[Round "1.18"]
[White "Goundar, Sanmogam"]
[Black "Illingworth, Max"]
[Result "0-1"]
[WhiteElo "1903"]
[BlackElo "2243"]
[PlyCount "40"]
[EventDate "2009.06.20"]
[EventType "swiss"]
[EventRounds "9"]
[EventCountry "AUS"]
[Source "lmi"]
[SourceDate "2009.06.20"]

1. d4 Nf6 2. c4 g6 3. Nc3 Bg7 4. e4 O-O 5. f3 d6 6. Be3 Nc6 7. Qd2 a6 8. g4 e5
9. d5 Nd4 10. Nce2 Nxf3+ 11. Nxf3 Bxg4 12. Bg2 Nxe4 13. Qc1 Bxf3 14. Bxf3 Qh4+
15. Ng3 Nxg3 16. hxg3 Qxg3+ 17. Ke2 e4 18. Bxe4 Rae8 19. Bf3 Bd4 20. Rg1 Qf4
0-1

[Event "Zonal Oceania 2009"]
[Site "Tweed Heads AUS"]
[Date "2009.06.20"]
[Round "1.19"]
[White "Levi, Eddy"]
[Black "Jule, Sebastian"]
[Result "1-0"]
[WhiteElo "2216"]
[BlackElo "1847"]
[PlyCount "31"]
[EventDate "2009.06.20"]
[EventType "swiss"]
[EventRounds "9"]
[EventCountry "AUS"]
[Source "lmi"]
[SourceDate "2009.06.20"]

1. e4 d5 2. exd5 Qxd5 3. Nc3 Qa5 4. d4 Nf6 5. Nf3 c6 6. Bc4 Bf5 7. Ne5 e6 8. g4
Be4 9. O-O Bg6 10. f4 Nbd7 11. Nxd7 Nxd7 12. f5 exf5 13. Qe2+ Kd8 14. gxf5 Bxf5
15. Bd2 Qb6 16. Rxf5 1-0

[Event "Zonal Oceania 2009"]
[Site "Tweed Heads AUS"]
[Date "2009.06.20"]
[Round "1.21"]
[White "Oliver, Gareth"]
[Black "Encel, Benjamin"]
[Result "1-0"]
[WhiteElo "2187"]
[BlackElo "1838"]
[PlyCount "59"]
[EventDate "2009.06.20"]
[EventType "swiss"]
[EventRounds "9"]
[EventCountry "AUS"]
[Source "lmi"]
[SourceDate "2009.06.20"]

1. d4 d5 2. c4 e6 3. Nf3 Nf6 4. Nc3 c5 5. e3 Nc6 6. cxd5 Nxd5 7. Bc4 Nxc3 8.
bxc3 Be7 9. O-O O-O 10. Qe2 b6 11. Rd1 Qc7 12. e4 Na5 13. Bd3 c4 14. Bb1 f6 15.
e5 f5 16. Ng5 h6 17. Nh3 Bb7 18. Nf4 Qc6 19. Qh5 Rad8 20. Qg6 Bc8 21. Nh5 Rf7
22. Bxh6 Bf8 23. Nf6+ Rxf6 24. exf6 Rd7 25. Re1 Rf7 26. fxg7 Bxg7 27. Re3 f4
28. Rf3 Qc7 29. Qh7+ Kf8 30. Qh8+ 1-0

[Event "Zonal Oceania 2009"]
[Site "Tweed Heads AUS"]
[Date "2009.06.20"]
[Round "1.22"]
[White "Hernandez, Roberto"]
[Black "Schon, Eugene"]
[Result "0-1"]
[WhiteElo "1830"]
[BlackElo "2186"]
[PlyCount "72"]
[EventDate "2009.06.20"]
[EventType "swiss"]
[EventRounds "9"]
[EventCountry "AUS"]
[Source "lmi"]
[SourceDate "2009.06.20"]

1. e4 e5 2. d4 exd4 3. c3 dxc3 4. Bc4 cxb2 5. Bxb2 d5 6. exd5 Nf6 7. Ne2 Bd6 8.
h3 O-O 9. O-O Nbd7 10. Re1 Nb6 11. Bxf6 Qxf6 12. Nd2 Qg6 13. Qb3 Be5 14. Rac1
Bf5 15. Qf3 Bb2 16. Nf4 Qd6 17. Rcd1 Bc2 18. Bd3 Bxd1 19. Rxd1 Be5 20. Ne4 Qh6
21. g3 Bxf4 22. gxf4 Nxd5 23. Ng5 c6 24. Bxh7+ Kh8 25. Bc2 Rae8 26. Kh2 f6 27.
Rxd5 cxd5 28. Nh7 Rf7 29. Qg3 Rc7 30. Bg6 Rd8 31. h4 Rc4 32. Kh3 Qxf4 33. h5
Qxg3+ 34. Kxg3 d4 35. f3 d3 36. Bf7 Rc3 0-1

[Event "Zonal Oceania 2009"]
[Site "Tweed Heads AUS"]
[Date "2009.06.20"]
[Round "1.24"]
[White "Stahnke, Alexander"]
[Black "Norris, Damian"]
[Result "1-0"]
[WhiteElo "1795"]
[BlackElo "2142"]
[PlyCount "143"]
[EventDate "2009.06.20"]
[EventType "swiss"]
[EventRounds "9"]
[EventCountry "AUS"]
[Source "lmi"]
[SourceDate "2009.06.20"]

1. c4 e5 2. Nc3 Nf6 3. d3 d5 4. cxd5 Nxd5 5. a3 Be7 6. g3 Be6 7. Bg2 Nc6 8. Nf3
O-O 9. O-O Nb6 10. Ne4 f6 11. Be3 Nd4 12. Bxd4 exd4 13. Rc1 Rc8 14. Nc5 Bxc5
15. Rxc5 Qd6 16. b4 Nd7 17. Rc1 c5 18. Qa4 cxb4 19. Qxb4 Qxb4 20. axb4 Bd5 21.
Nxd4 Bxg2 22. Kxg2 Rfe8 23. e3 Ne5 24. Nf5 Rxc1 25. Rxc1 Nxd3 26. Rc7 Re5 27.
Nd6 h6 28. Rxb7 Re6 29. Nf5 Re5 30. g4 a5 31. bxa5 Rxa5 32. Rxg7+ Kf8 33. Rd7
Ne5 34. Rd8+ Kf7 35. Nxh6+ Kg6 36. f4 Kxh6 37. fxe5 Rxe5 38. Kf3 Kg6 39. Kf4
Ra5 40. h4 Ra4+ 41. Rd4 Ra1 42. h5+ Kg7 43. Kf5 Ra5+ 44. Kf4 Ra1 45. Rd5 Rf1+
46. Ke4 Kf7 47. Rf5 Rh1 48. g5 Rh4+ 49. Rf4 Rxh5 50. Rxf6+ Kg7 51. Kf5 Rh1 52.
e4 Rf1+ 53. Ke6 Ra1 54. e5 Ra6+ 55. Kf5 Ra1 56. e6 Ra5+ 57. Kg4 Re5 58. Kf4 Re1
59. Kf5 Rf1+ 60. Ke5 Re1+ 61. Kd6 Rd1+ 62. Kc6 Rc1+ 63. Kd7 Rd1+ 64. Ke8 Ra1
65. e7 Ra8+ 66. Kd7 Ra7+ 67. Kd6 Ra6+ 68. Kc5 Ra5+ 69. Kc6 Re5 70. Kd7 Rxg5 71.
Re6 Rd5+ 72. Kc6 1-0

[Event "Zonal Oceania 2009"]
[Site "Tweed Heads AUS"]
[Date "2009.06.20"]
[Round "1.25"]
[White "Morris, James"]
[Black "Egan, Bill"]
[Result "1-0"]
[WhiteElo "2114"]
[BlackElo "1795"]
[PlyCount "51"]
[EventDate "2009.06.20"]
[EventType "swiss"]
[EventRounds "9"]
[EventCountry "AUS"]
[Source "lmi"]
[SourceDate "2009.06.20"]

1. e4 e6 2. Nc3 d5 3. d4 dxe4 4. Nxe4 Bd7 5. Nf3 Bc6 6. Bd3 Bxe4 7. Bxe4 c6 8.
Bd2 Nd7 9. c4 Ngf6 10. Bc2 Qc7 11. Bc3 Bd6 12. O-O h6 13. Re1 O-O-O 14. b4 g5
15. Qe2 Rhf8 16. Rab1 Rde8 17. Ba4 Nh5 18. g3 f5 19. c5 Be7 20. b5 g4 21. bxc6
Nxc5 22. dxc5 Bxc5 23. Qxe6+ Kb8 24. Be5 Bd6 25. Qxd6 Rc8 26. Rxb7+ 1-0

[Event "Zonal Oceania 2009"]
[Site "Tweed Heads AUS"]
[Date "2009.06.20"]
[Round "1.26"]
[White "Ford, Daniel"]
[Black "Cheng, Bobby"]
[Result "1/2-1/2"]
[WhiteElo "1792"]
[BlackElo "2103"]
[PlyCount "187"]
[EventDate "2009.06.20"]
[EventType "swiss"]
[EventRounds "9"]
[EventCountry "AUS"]
[Source "lmi"]
[SourceDate "2009.06.20"]

1. e4 e6 2. d4 d5 3. Nd2 Nf6 4. e5 Nfd7 5. Bd3 c5 6. c3 b6 7. Qe2 Nc6 8. Bb5
Bb7 9. Ngf3 a6 10. Ba4 b5 11. Bc2 c4 12. a3 a5 13. h4 Be7 14. Nf1 Nb6 15. Ng5
Qd7 16. Nxh7 O-O-O 17. Ng5 Rdf8 18. Bd2 Kc7 19. Ng3 Bc8 20. f4 f6 21. Nf3 b4
22. axb4 axb4 23. b3 bxc3 24. Bxc3 Bb4 25. Qd2 Qe7 26. O-O fxe5 27. fxe5 Bxc3
28. Qxc3 Qb4 29. Qe3 cxb3 30. Bxb3 Rxf3 31. Rxf3 Qxd4 32. Qxd4 Nxd4 33. Rc3+
Kb7 34. h5 Bd7 35. Rac1 Kb8 36. Bd1 Rf8 37. Ne2 Nb5 38. Rf3 Rh8 39. g4 Be8 40.
Rh3 Nc4 41. Nf4 Nc7 42. Rb1+ Kc8 43. Nd3 Rf8 44. Rh2 Ne3 45. Rf2 Rh8 46. Nf4
Nc4 47. Rc1 Kd8 48. Rfc2 Ke7 49. Be2 Rf8 50. Ng2 Ba4 51. Ra2 Bb5 52. Ra7 Kd8
53. Bxc4 Bxc4 54. Rb1 Rf7 55. Ne3 Bd3 56. Rb3 Be4 57. Ng2 Kc8 58. Ra1 d4 59.
Rf1 Rxf1+ 60. Kxf1 Nd5 61. g5 d3 62. Ke1 Bxg2 63. Rxd3 Be4 64. Rg3 Ne7 65. Ke2
Kd7 66. Ra3 Bf5 67. Ra7+ Ke8 68. Ra8+ Kf7 69. g6+ Bxg6 70. hxg6+ Kxg6 71. Ra7
Nd5 72. Kd3 Kf5 73. Rxg7 Kxe5 74. Rf7 Nf4+ 75. Ke3 Nd5+ 76. Kf3 Kd4 77. Ra7 Ke5
78. Ra4 Nc3 79. Rc4 Nd5 80. Re4+ Kf6 81. Re1 e5 82. Ra1 e4+ 83. Kg3 Ke5 84. Rd1
Ne3 85. Re1 Nf5+ 86. Kg4 Nd4 87. Kg3 Nf5+ 88. Kf2 Kf4 89. Ra1 e3+ 90. Ke1 Nd4
91. Ra4 Ke4 92. Kd1 Kd3 93. Ra3+ Ke4 94. Ra4 1/2-1/2

[Event "Zonal Oceania 2009"]
[Site "Tweed Heads AUS"]
[Date "2009.06.20"]
[Round "1.29"]
[White "Brown, Andrew"]
[Black "Raicar, Gaurav"]
[Result "1-0"]
[WhiteElo "2085"]
[BlackElo "1560"]
[PlyCount "43"]
[EventDate "2009.06.20"]
[EventType "swiss"]
[EventRounds "9"]
[EventCountry "AUS"]
[Source "lmi"]
[SourceDate "2009.06.20"]

1. d4 Nf6 2. c4 g6 3. Nc3 Bg7 4. e4 d6 5. f4 O-O 6. Nf3 c5 7. d5 e6 8. Be2 exd5
9. cxd5 Bg4 10. O-O Nbd7 11. Nd2 Bxe2 12. Qxe2 Ne8 13. a4 a6 14. a5 f5 15. exf5
Rxf5 16. Qe6+ Kh8 17. g4 Rf6 18. Qe2 Rf7 19. Nde4 Re7 20. g5 Bd4+ 21. Kg2 Ng7
22. Bd2 1-0

[Event "Zonal Oceania 2009"]
[Site "Tweed Heads AUS"]
[Date "2009.06.20"]
[Round "1.30"]
[White "Hughes, Harry"]
[Black "Nakauchi, Gene"]
[Result "0-1"]
[WhiteElo "1554"]
[BlackElo "2076"]
[PlyCount "66"]
[EventDate "2009.06.20"]
[EventType "swiss"]
[EventRounds "9"]
[EventCountry "AUS"]
[Source "lmi"]
[SourceDate "2009.06.20"]

1. c4 c5 2. g3 Nf6 3. Bg2 e6 4. e4 d6 5. f4 Nc6 6. Ne2 e5 7. d3 g6 8. Nbc3 Bg7
9. O-O O-O 10. h3 h6 11. a3 exf4 12. Bxf4 g5 13. Be3 Be6 14. Nd5 Nd7 15. Rb1 a5
16. b3 Nd4 17. Nxd4 cxd4 18. Bd2 Ne5 19. Qe2 f5 20. exf5 Bxf5 21. Be4 Bxh3 22.
Rxf8+ Bxf8 23. Qh5 Bg4 24. Qh1 Bg7 25. Rf1 h5 26. Bg2 Nxd3 27. Bh3 Ne5 28. Bxg4
hxg4 29. b4 Rc8 30. b5 Rxc4 31. Bxa5 Qe8 32. Be1 Nf3+ 33. Kg2 Rc2+ 0-1

[Event "Zonal Oceania 2009"]
[Site "Tweed Heads AUS"]
[Date "2009.06.20"]
[Round "2.1"]
[White "Illingworth, Max"]
[Black "Zhao, Zong Yuan"]
[Result "0-1"]
[WhiteElo "2243"]
[BlackElo "2583"]
[PlyCount "48"]
[EventDate "2009.06.20"]
[EventType "swiss"]
[EventRounds "9"]
[EventCountry "AUS"]
[Source "lmi"]
[SourceDate "2009.06.20"]

1. Nf3 c5 2. c4 Nf6 3. Nc3 Nc6 4. g3 d5 5. cxd5 Nxd5 6. Bg2 Nc7 7. O-O e5 8. a3
Bd7 9. e3 Ne6 10. Re1 Be7 11. d4 exd4 12. exd4 cxd4 13. Nd5 a5 14. Nxe7 Qxe7
15. Ng5 O-O 16. f4 h6 17. Nxe6 fxe6 18. Bxc6 Bxc6 19. Qxd4 Qf7 20. Qe5 Rad8 21.
Qxa5 e5 22. Qc5 Qb3 23. Rf1 Rd3 24. Bd2 Rxd2 0-1

[Event "Zonal Oceania 2009"]
[Site "Tweed Heads AUS"]
[Date "2009.06.20"]
[Round "2.2"]
[White "Smerdon, David"]
[Black "Levi, Eddy"]
[Result "1-0"]
[WhiteElo "2489"]
[BlackElo "2216"]
[PlyCount "116"]
[EventDate "2009.06.20"]
[EventType "swiss"]
[EventRounds "9"]
[EventCountry "AUS"]
[Source "lmi"]
[SourceDate "2009.06.20"]

1. e4 e5 2. Nf3 Nf6 3. d4 Nxe4 4. Bd3 d5 5. Nxe5 Nd7 6. Nc3 Nxe5 7. dxe5 Nxc3
8. bxc3 Qh4 9. O-O Be7 10. f4 Bg4 11. Qd2 O-O 12. f5 f6 13. Qf4 fxe5 14. Qxe5
Bc5+ 15. Kh1 Rad8 16. Bf4 c6 17. Rae1 Qh5 18. Qc7 Bxf5 19. Be5 Rd7 20. Rxf5
Qxf5 21. Bxf5 Rxc7 22. Be6+ Rcf7 23. Rf1 Be7 24. g4 Bf6 25. Bd6 Rd8 26. Bc5 b6
27. Bd4 Rdd7 28. Bxf6 gxf6 29. Bxd7 Rxd7 30. Rxf6 c5 31. Rf3 Kg7 32. Kg2 Kg6
33. h4 Re7 34. Rf5 Re2+ 35. Kf3 Rxc2 36. h5+ Kg7 37. Rxd5 Rxc3+ 38. Kf4 Rc4+
39. Kf5 Rd4 40. Re5 Rd7 41. Re6 Rc7 42. h6+ Kf8 43. g5 Rf7+ 44. Ke5 Rf2 45. Rc6
Re2+ 46. Kf4 Rf2+ 47. Kg3 Rf7 48. g6 hxg6 49. Rc8+ Ke7 50. h7 Rxh7 51. Rc7+ Kd6
52. Rxh7 c4 53. Rxa7 Kc5 54. Kf3 Kb4 55. Ke2 b5 56. Kd2 g5 57. Kc2 g4 58. a3+
Kc5 1-0